000 00592nam a22001457a 4500
999 _c521972
_d521972
008 230306b ||||| |||| 00| 0 eng d
100 _aFernee, Tadd Graham
_938231
245 _aThe Gandhian circle of moral consideration: The French revolutionary legacy reconstructed though the “weight of small things’
260 _aSocial Scientist
300 _a50(11-12), Nov-Dec, 2022: p.3-32
650 _aGandhian circle, moral consideration, French revolutionary legacy, weight of small things, reconstruction.
_938232
773 _aSocial Scientist
906 _aMORALITY
942 _cAR